000 00418nam a22001697a 4500
005 20250418133603.0
008 220221b ||||| |||| 00| 0 eng d
020 _a978-81-312-6497-3
041 _aeng
082 _a612.015
_bSAT-E
100 _aSATYANARAYANA, U AND CHAKRAPANI,U
_97222
245 _aESSENTIALS OF BIOCHEMISTRY
260 _aWEST BENGAL
_bELSEVIER
300 _a441;p
650 _xBPT
942 _cBK
999 _c7976
_d7974